سجد ہ (Record no. 3246)
[ view plain ]
| 000 -LEADER | |
|---|---|
| fixed length control field | 00869 a2200241 4500 |
| 005 - DATE AND TIME OF LATEST TRANSACTION | |
| control field | 20081010111031.0 |
| 008 - FIXED-LENGTH DATA ELEMENTS--GENERAL INFORMATION | |
| fixed length control field | 081010t xxu||||| |||| 00| 0 eng d |
| 010 ## - LCCN (DPL NO) | |
| LC control number | UR-7332 |
| 020 ## - INTERNATIONAL STANDARD BOOK NUMBER | |
| Terms of availability | 150.00 |
| International Standard Book Number | 8185772606 |
| 035 ## - SYSTEM CONTROL NUMBER | |
| System control number | U-5887 |
| 037 ## - SOURCE OF ACQUISITION | |
| Source of stock number/acquisition | D.B.Act / Pub |
| 082 ## - DEWEY DECIMAL CLASSIFICATION NUMBER | |
| Classification number | 841 |
| 100 ## - MAIN ENTRY--PERSONAL NAME | |
| Personal name | گو يل ايس کے راز |
| 245 ## - TITLE STATEMENT | |
| Title | سجد ہ |
| Statement of responsibility, etc | ايس کے گويل راز |
| Remainder of title | (شعری مجمو عہ) |
| 246 ## - VARYING FORM OF TITLE | |
| Title proper/short title | Sajda |
| Remainder of title | by S.K.Goel Raaz |
| 260 ## - PUBLICATION, DISTRIBUTION, ETC. (IMPRINT) | |
| Place of publication, distribution, etc | دھلی |
| Name of publisher, distributor, etc | سا قی بک ڈپو |
| Date of publication, distribution, etc | 2007 |
| 270 ## - ADDRESS | |
| Address | A-4157,اردو با زار۔ |
| City | دھلی |
| Postal code | 110006 |
| Telephone number | 25694346 |
| 300 ## - PHYSICAL DESCRIPTION | |
| Extent | 147p |
| Dimensions | 22 cm (Pbk.) |
| 650 ## - SUBJECT ADDED ENTRY--TOPICAL TERM | |
| Topical term or geographic name as entry element | اردو شا عری |
| 650 ## - SUBJECT ADDED ENTRY--TOPICAL TERM | |
| Topical term or geographic name as entry element | Urdu Poetryl |
| 942 ## - ADDED ENTRY ELEMENTS (KOHA) | |
| Institution code [OBSOLETE] | dpl |
| Item type | Urdu Bks |
| Source of classification or shelving scheme | Dewey Decimal Classification |
| Classification part | 841 |
| Call number suffix | گ و ء |
| Withdrawn status | Lost status | Source of classification or shelving scheme | Damaged status | Not for loan | Collection code | Home library | Current library | Date acquired | Cost, normal purchase price | Total Checkouts | Full call number | Barcode | Date last seen | Copy number | Cost, replacement price | Koha item type |
|---|---|---|---|---|---|---|---|---|---|---|---|---|---|---|---|---|
| Dewey Decimal Classification | Not For Loan | Non-fiction | D.B.Act.Division | D.B.Act.Division | 10/10/2008 | 150.00 | 841 گ و ء | U-5887 | 15/09/2008 | 1 | 150.00 | Urdu Bks |
